[Event "5th EKA IIFL Investment 2019"]
[Site "Mumbai"]
[Date "2020.01.04"]
[Round "6.43"]
[White "Dere Pushkar"]
[Black "Mithil, Ajgaonkar"]
[Result "1-0"]
[WhiteElo "2061"]
[BlackElo "2278"]
[Annotator "NA"]
[PlyCount "85"]
[EventDate "2019.12.30"]
[EventType "swiss"]
[EventCountry "IND"]
[SourceTitle "playchess.com"]
[Source "ChessBase"]
[SourceQuality "1"]
[TimeControl "40/5400+30:1800+30"]

1. e4 {[%emt 0:00:00]} c6 {[%emt 0:00:00]} 2. d4 {[%emt 0:00:01]} d5 {[%emt 0:00:00]} 3. exd5 {[%emt 0:00:17]} cxd5 {[%emt 0:00:00]} 4. c4 {[%emt 0:00:08]} Nf6 {[%emt 0:00:02]} 5. Nc3 {[%emt 0:00:21]} e6 {[%emt 0:00:05]} 6. Nf3 {[%emt 0:00:26]} Be7 {[%emt 0:00:02]} 7. cxd5 {[%emt 0:00:51]} Nxd5 {[%emt 0:00:05]} 8. Bd3 {[%emt 0:01:00]} O-O {[%emt 0:00:07]} 9. O-O {[%emt 0:00:59]} Nc6 {[%emt 0:00:03]} 10. a3 {[%emt 0:00:35]} Bf6 {[%emt 0:01:25]} 11. Re1 {[%emt 0:00:18]} g6 {[%emt 0:14:13]} 12. Bh6 {[%emt 0:05:55]} Re8 {[%emt 0:02:16]} 13. Nxd5 {[%emt 0:03:40]} Qxd5 {[%emt 0:10:26]} 14. Be4 {[%emt 0:00:07]} Qh5 {[%emt 0:16:40]} 15. Be3 {[%emt 0:05:58]} Qb5 {[%emt 0:16:36]} 16. Qe2 {[%emt 0:04:53]} Qxe2 {[%emt 0:06:22]} 17. Rxe2 {[%emt 0:00:22]} Bd7 {[%emt 0:02:07]} 18. Rd2 {[%emt 0:03:28]} Na5 {[%emt 0:06:18]} 19. Rc2 {[%emt 0:06:12]} Bc6 {[%emt 0:05:00]} 20. Nd2 {[%emt 0:00:17]} Red8 {[%emt 0:08:45]} 21. b4 {[%emt 0:05:55]} Nb3 {[%emt 0:00:08]} 22. Nxb3 {[%emt 0:02:20]} Bxe4 {[%emt 0:00:02]} 23. Rc7 {[%emt 0:00:13]} Bd5 {[%emt 0:01:15]} 24. Na5 {[%emt 0:02:07]} e5 {[%emt 0:09:07]} 25. Nxb7 {[%emt 0:02:16]} exd4 {[%emt 0:00:05]} 26. Bf4 {[%emt 0:00:53]} d3 {[%emt 0:01:01]} 27. Rd1 {[%emt 0:00:42]} Bb3 {[%emt 0:00:38]} 28. Rd2 {[%emt 0:01:03]} Re8 {[%emt 0:00:35]} 29. h3 {[%emt 0:00:37]} Bc2 {[%emt 0:00:09]} 30. Nd6 {[%emt 0:00:53]} Re2 {[%emt 0:00:55]} 31. Nxf7 {[%emt 0:01:29]} Rxd2 {[%emt 0:00:19]} 32. Bxd2 {[%emt 0:00:16]} Bb3 {[%emt 0:00:32]} 33. Nh6+ {[%emt 0:00:34]} Kf8 {[%emt 0:00:05]} 34. Ng4 {[%emt 0:01:11]} Bg7 {[%emt 0:00:41]} 35. Rd7 {[%emt 0:00:41]} Bc2 {[%emt 0:00:31]} 36. b5 {[%emt 0:00:49]} Re8 {[%emt 0:00:50]} 37. Rxa7 {[%emt 0:00:53]} Re2 {[%emt 0:00:21]} 38. Bb4+ {[%emt 0:00:36]} Kg8 {[%emt 0:00:02]} 39. b6 {[%emt 0:00:18]} Bd4 {[%emt 0:01:08]} 40. Ra8+ {[%emt 0:00:00]} Kg7 {[%emt 0:00:00]} 41. b7 {[%emt 0:00:27]} h5 {[%emt 0:04:48]} 42. b8=Q {[%emt 0:00:35]} hxg4 {[%emt 0:00:04]} 43. Qh8+ {[%emt 0:00:25]} 1-0

[Event "5th EKA IIFL Investment 2019"]
[Site "Mumbai"]
[Date "2020.01.04"]
[Round "6.44"]
[White "Rathnakaran, K.."]
[Black "Anadkat Kartavya"]
[Result "1-0"]
[WhiteElo "2322"]
[BlackElo "2023"]
[Annotator "NA"]
[PlyCount "85"]
[EventDate "2019.12.30"]
[EventType "swiss"]
[EventCountry "IND"]
[SourceTitle "playchess.com"]
[Source "ChessBase"]
[SourceQuality "1"]
[TimeControl "40/5400+30:1800+30"]

1. e4 e5 2. Nf3 Nf6 3. d3 Nc6 4. c4 Bc5 5. Be2 d6 6. a3 Bg4 7. Nc3 h6 8. Rb1 Bxf3 9. Bxf3 a5 10. g3 Nd4 11. Bg2 Qd7 12. h3 c6 13. b4 axb4 14. axb4 Bb6 15. O-O O-O 16. Kh1 Nh7 17. f4 exf4 18. gxf4 f5 19. Be3 Qd8 20. c5 dxc5 21. bxc5 Bxc5 22. Rxb7 Qa5 23. Bxd4 Bxd4 24. Qb3+ Kh8 25. Ne2 Rad8 26. e5 Qd2 27. Bf3 Bc5 28. d4 Rxd4 29. Nxd4 Qxd4 30. Bxc6 Qd8 31. Qd5 Qxd5+ 32. Bxd5 Rd8 33. Bf7 g5 34. Bg6 Nf8 35. Bxf5 gxf4 36. Rxf4 Re8 37. Re4 Kg8 38. e6 Re7 39. Rg4+ Kh8 40. Rb5 Ba3 41. Rb1 Rg7 42. Rxg7 Kxg7 43. Rb7+ 1-0

[Event "5th EKA IIFL Investment 2019"]
[Site "Mumbai"]
[Date "2020.01.04"]
[Round "6.45"]
[White "Thanki, Hemal Karsanji"]
[Black "Vasquez Schroeder, Rodrigo"]
[Result "1/2-1/2"]
[WhiteElo "2164"]
[BlackElo "2487"]
[Annotator "ChessBase"]
[PlyCount "118"]
[EventDate "2019.12.30"]
[EventType "swiss"]
[EventCountry "IND"]
[SourceTitle "playchess.com"]
[Source "ChessBase"]
[SourceQuality "1"]
[TimeControl "40/5400+30:1800+30"]

1. e4 {[%emt 0:02:35]} e6 {[%emt 0:00:16]} 2. d4 {[%emt 0:00:20]} d5 {[%emt 0:00:06]} 3. Bd3 {[%emt 0:00:05]} dxe4 {[%emt 0:01:01]} 4. Bxe4 {[%emt 0:00:03]} Nf6 {[%emt 0:00:05]} 5. Bf3 {[%emt 0:00:04]} c5 {[%emt 0:00:30]} 6. Ne2 {[%emt 0:00:34]} Nc6 {[%emt 0:02:49]} 7. Be3 {[%emt 0:01:15]} cxd4 {[%emt 0:01:26]} 8. Nxd4 {[%emt 0:00:06]} Ne5 {[%emt 0:00:30]} 9. Nb5 {[%emt 0:06:55]} Bd7 {[%emt 0:01:05]} 10. Nd6+ {[%emt 0:11:44]} Bxd6 {[%emt 0:00:06]} 11. Qxd6 {[%emt 0:00:03]} Nxf3+ {[%emt 0:01:05]} 12. gxf3 {[%emt 0:00:04]} Bc6 {[%emt 0:00:20]} 13. Qxd8+ {[%emt 0:00:19]} Rxd8 {[%emt 0:00:59]} 14. Nd2 {[%emt 0:03:56]} Nd5 {[%emt 0:05:00]} 15. Bxa7 {[%emt 0:17:31]} Nb4 {[%emt 0:01:00]} 16. O-O-O {[%emt 0:05:09]} Nxa2+ {[%emt 0:01:31]} 17. Kb1 {[%emt 0:00:05]} Nb4 {[%emt 0:00:04]} 18. Ne4 {[%emt 0:11:15]} f5 {[%emt 0:23:35]} 19. Nd6+ {[%emt 0:16:15]} Ke7 {[%emt 0:00:23]} 20. Bc5 {[%emt 0:00:30]} Na6 {[%emt 0:00:48]} 21. Nxf5+ {[%emt 0:02:24]} Kf7 {[%emt 0:00:21]} 22. Nd6+ {[%emt 0:06:37]} Kf6 {[%emt 0:02:00]} 23. Bb6 {[%emt 0:01:42]} Rd7 {[%emt 0:03:14]} 24. Ne4+ {[%emt 0:02:49]} Kf5 {[%emt 0:01:47]} 25. Rxd7 {[%emt 0:00:06]} Bxd7 {[%emt 0:00:06]} 26. Rg1 {[%emt 0:00:12]} g6 {[%emt 0:00:48]} 27. Nd6+ {[%emt 0:06:51]} Kf6 {[%emt 0:01:51]} 28. Bd4+ {[%emt 0:01:14]} e5 {[%emt 0:00:04]} 29. Bc3 {[%emt 0:00:28]} Ke6 {[%emt 0:01:41]} 30. Re1 {[%emt 0:00:06]} Rf8 {[%emt 0:00:20]} 31. Bxe5 {[%emt 0:00:35]} Rxf3 {[%emt 0:00:10]} 32. Nxb7 {[%emt 0:00:52]} Kf5 {[%emt 0:00:56]} 33. Bg3 {[%emt 0:00:35]} Kg5 {[%emt 0:00:24]} 34. Nd6 {[%emt 0:00:42]} h5 {[%emt 0:01:22]} 35. Re4 {[%emt 0:00:46]} Kf6 {[%emt 0:00:45]} 36. h4 {[%emt 0:01:38]} Nc5 {[%emt 0:00:27]} 37. Rc4 {[%emt 0:00:46]} Ne6 {[%emt 0:00:37]} 38. Ne4+ {[%emt 0:00:05]} Ke7 {[%emt 0:00:12]} 39. Bd6+ {[%emt 0:00:34]} Kd8 {[%emt 0:00:08]} 40. Be5 {[%emt 0:00:00]} Bb5 {[%emt 0:00:00]} 41. Rb4 {[%emt 0:04:57]} Bc6 {[%emt 0:00:34]} 42. Bg3 {[%emt 0:01:15]} Rf5 {[%emt 0:00:33]} 43. Nc3 {[%emt 0:04:17]} Kd7 {[%emt 0:00:14]} 44. Rb8 {[%emt 0:00:46]} Rc5 {[%emt 0:02:06]} 45. Rg8 {[%emt 0:00:29]} g5 {[%emt 0:00:05]} 46. Kc1 {[%emt 0:07:27]} gxh4 {[%emt 0:04:28]} 47. Bxh4 {[%emt 0:00:01]} Rc4 {[%emt 0:00:23]} 48. Bg3 {[%emt 0:01:23]} h4 {[%emt 0:00:16]} 49. Be5 {[%emt 0:01:12]} h3 {[%emt 0:00:37]} 50. Rh8 {[%emt 0:00:10]} Bg2 {[%emt 0:00:16]} 51. Rh7+ {[%emt 0:03:09]} Kc6 {[%emt 0:03:29]} 52. Rh6 {[%emt 0:00:03]} Kd7 {[%emt 0:00:07]} 53. Bg3 {[%emt 0:05:14]} Nd4 {[%emt 0:09:42]} 54. Kd1 {[%emt 0:06:31]} Nf5 {[%emt 0:01:17]} 55. Rh7+ {[%emt 0:00:22]} Ke6 {[%emt 0:00:33]} 56. Bh2 {[%emt 0:00:24]} Nd4 {[%emt 0:03:29]} 57. Bg3 {[%emt 0:00:40]} Nf5 {[%emt 0:00:28]} 58. Bh2 {[%emt 0:00:02]} Nd4 {[%emt 0:00:23]} 59. Rh6+ {[%emt 0:00:57]} Kf7 {[%emt 0:00:57]} 1/2-1/2

[Event "5th EKA IIFL Investment 2019"]
[Site "Mumbai"]
[Date "2020.01.04"]
[Round "6.46"]
[White "Samant Aditya S"]
[Black "Gandhi, Anish"]
[Result "1/2-1/2"]
[WhiteElo "2296"]
[BlackElo "2168"]
[Annotator "ChessBase"]
[PlyCount "111"]
[EventDate "2019.12.30"]
[EventType "swiss"]
[EventCountry "IND"]
[SourceTitle "playchess.com"]
[Source "ChessBase"]
[SourceQuality "1"]
[TimeControl "40/5400+30:1800+30"]

1. e4 {[%emt 0:00:00]} c5 {[%emt 0:00:00]} 2. Nf3 {[%emt 0:00:00]} d6 {[%emt 0:00:00]} 3. d4 {[%emt 0:00:00]} cxd4 {[%emt 0:00:00]} 4. Nxd4 {[%emt 0:00:00]} Nf6 {[%emt 0:00:00]} 5. Nc3 {[%emt 0:00:00]} a6 {[%emt 0:00:00]} 6. Be3 {[%emt 0:00:01]} Ng4 {[%emt 0:00:14]} 7. Bg5 {[%emt 0:00:16]} h6 {[%emt 0:00:35]} 8. Bh4 {[%emt 0:00:08]} g5 {[%emt 0:00:16]} 9. Bg3 {[%emt 0:00:07]} Bg7 {[%emt 0:00:30]} 10. Qd2 {[%emt 0:02:32]} Nc6 {[%emt 0:04:01]} 11. Nb3 {[%emt 0:00:32]} Be6 {[%emt 0:01:43]} 12. h4 {[%emt 0:01:59]} gxh4 {[%emt 0:13:20]} 13. Bxh4 {[%emt 0:00:20]} Rc8 {[%emt 0:05:14]} 14. f3 {[%emt 0:10:28]} Nge5 {[%emt 0:00:29]} 15. Bf2 {[%emt 0:03:25]} b5 {[%emt 0:04:57]} 16. Nd5 {[%emt 0:17:48]} Nc4 {[%emt 0:06:27]} 17. Bxc4 {[%emt 0:00:59]} bxc4 {[%emt 0:00:07]} 18. Nd4 {[%emt 0:02:27]} Bxd5 {[%emt 0:01:55]} 19. exd5 {[%emt 0:00:29]} Ne5 {[%emt 0:00:07]} 20. O-O {[%emt 0:13:56]} Qd7 {[%emt 0:02:49]} 21. Rae1 {[%emt 0:03:21]} Rc5 {[%emt 0:05:27]} 22. Ne2 {[%emt 0:07:55]} Rb5 {[%emt 0:03:16]} 23. Nc3 {[%emt 0:03:42]} Rxb2 {[%emt 0:05:47]} 24. Bd4 {[%emt 0:05:00]} Rg8 {[%emt 0:05:02]} 25. Ne4 {[%emt 0:02:52]} Rb5 {[%emt 0:01:38]} 26. Nc3 {[%emt 0:02:17]} Rb8 {[%emt 0:04:57]} 27. Re2 {[%emt 0:04:22]} Qf5 {[%emt 0:05:56]} 28. Qe3 {[%emt 0:05:21]} Rb7 {[%emt 0:04:23]} 29. Ne4 {[%emt 0:02:05]} Kf8 {[%emt 0:01:47]} 30. Nxd6 {[%emt 0:07:53]} exd6 {[%emt 0:03:01]} 31. f4 {[%emt 0:00:05]} Nf3+ {[%emt 0:04:13]} 32. Rxf3 {[%emt 0:00:09]} Bxd4 {[%emt 0:00:04]} 33. Qxd4 {[%emt 0:00:05]} Qh5 {[%emt 0:00:10]} 34. Rfe3 {[%emt 0:05:31]} Rb1+ {[%emt 0:01:13]} 35. Re1 {[%emt 0:00:05]} Rxe1+ {[%emt 0:00:31]} 36. Rxe1 {[%emt 0:00:04]} Qf3 {[%emt 0:00:58]} 37. Qd2 {[%emt 0:00:20]} c3 {[%emt 0:00:41]} 38. Qe2 {[%emt 0:01:45]} Qxd5 {[%emt 0:00:04]} 39. Qe7+ {[%emt 0:00:27]} Kg7 {[%emt 0:00:01]} 40. Qe4 {[%emt 0:00:00]} Qxe4 {[%emt 0:00:00]} 41. Rxe4 {[%emt 0:00:45]} Rb8 {[%emt 0:14:02]} 42. Rc4 {[%emt 0:00:37]} Rb2 {[%emt 0:01:42]} 43. Rxc3 {[%emt 0:00:08]} Rxa2 {[%emt 0:00:08]} 44. Rd3 {[%emt 0:02:43]} Rxc2 {[%emt 0:00:31]} 45. Rxd6 {[%emt 0:00:04]} a5 {[%emt 0:00:52]} 46. Ra6 {[%emt 0:00:05]} Ra2 {[%emt 0:00:03]} 47. Kh2 {[%emt 0:00:40]} a4 {[%emt 0:03:03]} 48. Kh3 {[%emt 0:01:57]} a3 {[%emt 0:09:27]} 49. g4 {[%emt 0:12:05]} Ra1 {[%emt 0:02:41]} 50. g5 {[%emt 0:00:48]} hxg5 {[%emt 0:09:24]} 51. fxg5 {[%emt 0:00:10]} Rg1 {[%emt 0:01:57]} 52. Kh4 {[%emt 0:03:16]} Rh1+ {[%emt 0:00:11]} 53. Kg3 {[%emt 0:00:08]} Rg1+ {[%emt 0:00:09]} 54. Kh4 {[%emt 0:00:22]} Ra1 {[%emt 0:00:05]} 55. Kh3 {[%emt 0:00:09]} Rg1 {[%emt 0:00:07]} 56. Kh4 {[%emt 0:00:07]} 1/2-1/2

[Event "5th EKA IIFL Investment 2019"]
[Site "Mumbai"]
[Date "2020.01.04"]
[Round "6.47"]
[White "Mohite, Ranveer"]
[Black "Manish Kumar (2006)"]
[Result "1/2-1/2"]
[WhiteElo "2281"]
[BlackElo "2168"]
[Annotator "ChessBase"]
[PlyCount "85"]
[EventDate "2019.12.30"]
[EventType "swiss"]
[EventCountry "IND"]
[SourceTitle "playchess.com"]
[Source "ChessBase"]
[SourceQuality "1"]
[TimeControl "40/5400+30:1800+30"]

1. e4 e5 2. Nf3 Nc6 3. Bb5 a6 4. Ba4 d6 5. O-O Bd7 6. d4 b5 7. Bb3 Nxd4 8. Nxd4 exd4 9. c3 dxc3 10. Qh5 g6 11. Qd5 Be6 12. Qc6+ Bd7 13. Qd5 Be6 14. Qc6+ Bd7 15. Qxc3 Qf6 16. Qxc7 Rc8 17. Qb7 Bg7 18. Nc3 Ne7 19. Nd5 Nxd5 20. exd5 Qe7 21. Bf4 O-O 22. Qxa6 Bxb2 23. Qxd6 Qxd6 24. Bxd6 Bxa1 25. Bxf8 Kxf8 26. Rxa1 Ke7 27. f3 Kd6 28. Kf2 Rc3 29. Re1 g5 30. Re3 Rc5 31. Ke2 Rc1 32. Kf2 Rh1 33. h3 h5 34. f4 g4 35. h4 Rxh4 36. Re1 g3+ 37. Kxg3 Rg4+ 38. Kf3 h4 39. Re3 Rg3+ 40. Kf2 Rg4 41. Kf3 Rg3+ 42. Kf2 Rg4 43. Kf3 {Ke5 Ke4+} 1/2-1/2

[Event "5th EKA IIFL Investment 2019"]
[Site "Mumbai"]
[Date "2020.01.04"]
[Round "6.48"]
[White "Chitlange Sakshi"]
[Black "Deshpande, Aniruddha"]
[Result "1/2-1/2"]
[WhiteElo "2163"]
[BlackElo "2275"]
[Annotator "ChessBase"]
[PlyCount "112"]
[EventDate "2019.12.30"]
[EventType "swiss"]
[EventCountry "IND"]
[SourceTitle "playchess.com"]
[Source "ChessBase"]
[SourceQuality "1"]
[TimeControl "40/5400+30:1800+30"]

1. d4 Nf6 2. c4 g6 3. Nc3 Bg7 4. e4 d6 5. Be2 O-O 6. Bg5 Na6 7. Nf3 e5 8. O-O h6 9. Be3 Bg4 10. Re1 Re8 11. d5 Nc5 12. Nd2 Bxe2 13. Qxe2 a5 14. b3 Nh5 15. g3 Qd7 16. a3 Nf4 17. Qf3 Nh3+ 18. Kg2 Ng5 19. Bxg5 hxg5 20. b4 g4 21. Qe3 Na4 22. Nb3 axb4 23. axb4 f5 24. Nxa4 Rxa4 25. Rxa4 Qxa4 26. Qc3 Rf8 27. b5 Qa7 28. Ra1 Qb8 29. f3 Qd8 30. fxg4 fxg4 31. Rf1 Rxf1 32. Kxf1 b6 33. Qe3 Qa8 34. Qe2 Qa4 35. Qc2 Bh6 36. Ke2 Qb4 37. Qd3 Qa4 38. Qc2 Qa3 39. Kd3 Bg5 40. Ke2 Kg7 41. Kd3 Bh6 42. Ke2 Qb4 43. Qd3 Qa4 44. Qc2 Qa3 45. Kf2 Qa8 46. Qe2 Kh7 47. Kg2 Qa4 48. Qc2 Be3 49. Kf1 Qa3 50. Ke2 Bg5 51. Kd3 Kg7 52. Ke2 Bh6 53. Kd3 Qb4 54. Ke2 Bg5 55. Qd3 Qa3 56. Qc2 Qb4 1/2-1/2

[Event "5th EKA IIFL Investment 2019"]
[Site "Mumbai"]
[Date "2020.01.04"]
[Round "6.49"]
[White "Aaryan, Varshney"]
[Black "Kulkarni, Vinayak"]
[Result "1/2-1/2"]
[WhiteElo "2269"]
[BlackElo "2167"]
[Annotator "NA"]
[PlyCount "80"]
[EventDate "2019.12.30"]
[EventType "swiss"]
[EventCountry "IND"]
[SourceTitle "playchess.com"]
[Source "ChessBase"]
[SourceQuality "1"]
[TimeControl "40/5400+30:1800+30"]

1. d4 {[%emt 0:00:00]} d5 {[%emt 0:00:00]} 2. c4 {[%emt 0:00:00]} e6 {[%emt 0:00:00]} 3. Nc3 {[%emt 0:00:00]} c5 {[%emt 0:00:08]} 4. cxd5 {[%emt 0:00:06]} exd5 {[%emt 0:00:09]} 5. Nf3 {[%emt 0:00:27]} Nc6 {[%emt 0:00:13]} 6. g3 {[%emt 0:00:30]} Nf6 {[%emt 0:00:14]} 7. Bg2 {[%emt 0:00:09]} Be7 {[%emt 0:00:11]} 8. O-O {[%emt 0:00:50]} O-O {[%emt 0:00:12]} 9. Bg5 {[%emt 0:01:47]} c4 {[%emt 0:00:15]} 10. Ne5 {[%emt 0:00:11]} Be6 {[%emt 0:00:43]} 11. Nxc6 {[%emt 0:00:16]} bxc6 {[%emt 0:00:08]} 12. b3 {[%emt 0:00:18]} h6 {[%emt 0:01:11]} 13. Bxf6 {[%emt 0:04:14]} Bxf6 {[%emt 0:00:08]} 14. e3 {[%emt 0:00:58]} Qa5 {[%emt 0:11:33]} 15. Na4 {[%emt 0:06:14]} Be7 {[%emt 0:12:13]} 16. Qc2 {[%emt 0:09:21]} Rac8 {[%emt 0:10:30]} 17. Rfd1 {[%emt 0:08:27]} Rfd8 {[%emt 0:03:46]} 18. Rab1 {[%emt 0:08:31]} g6 {[%emt 0:10:41]} 19. e4 {[%emt 0:09:22]} c5 {[%emt 0:11:58]} 20. dxc5 {[%emt 0:04:57]} d4 {[%emt 0:02:09]} 21. Bf1 {[%emt 0:06:16]} d3 {[%emt 0:04:35]} 22. Qc3 {[%emt 0:02:57]} Qxc3 {[%emt 0:00:56]} 23. Nxc3 {[%emt 0:00:02]} Rxc5 {[%emt 0:14:12]} 24. bxc4 {[%emt 0:01:32]} Bxc4 {[%emt 0:01:34]} 25. Nd5 {[%emt 0:02:10]} Bxd5 {[%emt 0:00:57]} 26. exd5 {[%emt 0:00:11]} Rcxd5 {[%emt 0:00:18]} 27. Rd2 {[%emt 0:00:14]} Bg5 {[%emt 0:08:41]} 28. f4 {[%emt 0:00:18]} Be7 {[%emt 0:00:13]} 29. Rb3 {[%emt 0:00:10]} Rc8 {[%emt 0:01:22]} 30. Rbxd3 {[%emt 0:00:45]} Rxd3 {[%emt 0:01:09]} 31. Bxd3 {[%emt 0:00:13]} Rc3 {[%emt 0:00:47]} 32. Be4 {[%emt 0:00:29]} f5 {[%emt 0:01:49]} 33. Bd5+ {[%emt 0:02:07]} Kg7 {[%emt 0:00:05]} 34. Bb3 {[%emt 0:00:04]} Kf6 {[%emt 0:00:14]} 35. Bd5 {[%emt 0:00:21]} Kg7 {[%emt 0:00:06]} 36. Bb3 {[%emt 0:00:05]} Kf6 {[%emt 0:00:05]} 37. Bd5 {[%emt 0:00:05]} Kg7 {[%emt 0:00:04]} 38. Bb3 {[%emt 0:00:05]} Kf6 {[%emt 0:00:05]} 39. Bd5 {[%emt 0:00:11]} Kg7 {[%emt 0:00:05]} 40. Bb3 {[%emt 0:00:00]} Kf6 {[%emt 0:00:00]} 1/2-1/2

[Event "5th EKA IIFL Investment 2019"]
[Site "Mumbai"]
[Date "2020.01.04"]
[Round "6.50"]
[White "Saurabh Anand"]
[Black "Safranska, Anda"]
[Result "1-0"]
[WhiteElo "2269"]
[BlackElo "2112"]
[Annotator "NA"]
[PlyCount "65"]
[EventDate "2019.12.30"]
[EventType "swiss"]
[EventCountry "IND"]
[SourceTitle "playchess.com"]
[Source "ChessBase"]
[SourceQuality "1"]
[TimeControl "40/5400+30:1800+30"]

1. e4 {[%emt 0:00:00]} Nf6 {[%emt 0:00:00]} 2. e5 {[%emt 0:00:00]} Nd5 {[%emt 0:00:00]} 3. d4 {[%emt 0:00:01]} d6 {[%emt 0:00:00]} 4. Nf3 {[%emt 0:00:07]} g6 {[%emt 0:00:19]} 5. c4 {[%emt 0:02:00]} Nb6 {[%emt 0:00:05]} 6. Nc3 {[%emt 0:00:27]} Bg7 {[%emt 0:00:40]} 7. Bf4 {[%emt 0:02:13]} O-O {[%emt 0:20:57]} 8. Be2 {[%emt 0:03:22]} Na6 {[%emt 0:06:29]} 9. O-O {[%emt 0:08:42]} c6 {[%emt 0:04:57]} 10. h3 {[%emt 0:05:18]} Nc7 {[%emt 0:05:07]} 11. Qc1 {[%emt 0:05:41]} d5 {[%emt 0:06:40]} 12. c5 {[%emt 0:01:21]} Nd7 {[%emt 0:00:04]} 13. Bh6 {[%emt 0:01:09]} f6 {[%emt 0:00:32]} 14. b4 {[%emt 0:03:07]} fxe5 {[%emt 0:02:32]} 15. Bxg7 {[%emt 0:02:09]} Kxg7 {[%emt 0:00:08]} 16. dxe5 {[%emt 0:00:09]} Ne6 {[%emt 0:00:58]} 17. Re1 {[%emt 0:05:19]} Rf7 {[%emt 0:04:47]} 18. Nd1 {[%emt 0:01:06]} Ndf8 {[%emt 0:01:10]} 19. Ne3 {[%emt 0:01:38]} h6 {[%emt 0:05:06]} 20. g3 {[%emt 0:02:52]} Nc7 {[%emt 0:00:56]} 21. Kg2 {[%emt 0:03:12]} Be6 {[%emt 0:12:40]} 22. Ng4 {[%emt 0:01:31]} Bxg4 {[%emt 0:04:03]} 23. hxg4 {[%emt 0:00:10]} e6 {[%emt 0:03:48]} 24. Rh1 {[%emt 0:02:03]} g5 {[%emt 0:00:08]} 25. Rh5 {[%emt 0:00:43]} Nd7 {[%emt 0:06:06]} 26. Qh1 {[%emt 0:01:21]} Rxf3 {[%emt 0:01:34]} 27. Rxh6 {[%emt 0:03:27]} Qh8 {[%emt 0:07:20]} 28. Rxh8 {[%emt 0:00:20]} Rxh8 {[%emt 0:00:33]} 29. Qc1 {[%emt 0:00:16]} Rff8 {[%emt 0:00:02]} 30. Qxg5+ {[%emt 0:00:47]} Kf7 {[%emt 0:00:05]} 31. Rh1 {[%emt 0:00:16]} Rfg8 {[%emt 0:00:32]} 32. Qf4+ {[%emt 0:00:09]} Kg7 {[%emt 0:00:37]} 33. Rh5 {[%emt 0:01:23]} 1-0

[Event "5th EKA IIFL Investment 2019"]
[Site "Mumbai"]
[Date "2020.01.04"]
[Round "6.51"]
[White "Luong, Phuong Hanh"]
[Black "Soham Datar"]
[Result "1-0"]
[WhiteElo "2256"]
[BlackElo "2145"]
[Annotator "ChessBase"]
[PlyCount "79"]
[EventDate "2019.12.30"]
[EventType "swiss"]
[EventCountry "IND"]
[SourceTitle "playchess.com"]
[Source "ChessBase"]
[SourceQuality "1"]
[TimeControl "40/5400+30:1800+30"]

1. d4 {[%emt 0:07:25]} Nf6 {[%emt 0:00:00]} 2. Nf3 {[%emt 0:00:08]} d5 {[%emt 0:00:00]} 3. Bf4 {[%emt 0:00:11]} c5 {[%emt 0:00:18]} 4. e3 {[%emt 0:00:06]} Nc6 {[%emt 0:00:07]} 5. c3 {[%emt 0:00:12]} e6 {[%emt 0:00:08]} 6. Nbd2 {[%emt 0:00:07]} Bd6 {[%emt 0:00:08]} 7. Bg3 {[%emt 0:00:06]} O-O {[%emt 0:00:44]} 8. Bd3 {[%emt 0:00:06]} b6 {[%emt 0:00:10]} 9. O-O {[%emt 0:00:19]} Bb7 {[%emt 0:00:04]} 10. Re1 {[%emt 0:01:00]} Ne7 {[%emt 0:06:39]} 11. Bxd6 {[%emt 0:07:33]} Qxd6 {[%emt 0:00:04]} 12. Ne5 {[%emt 0:00:29]} a6 {[%emt 0:05:31]} 13. f4 {[%emt 0:02:03]} Qc7 {[%emt 0:06:21]} 14. Qf3 {[%emt 0:02:19]} Nf5 {[%emt 0:00:23]} 15. Qh3 {[%emt 0:14:28]} Ne4 {[%emt 0:03:18]} 16. Rad1 {[%emt 0:05:23]} f6 {[%emt 0:01:58]} 17. Nef3 {[%emt 0:00:29]} c4 {[%emt 0:05:36]} 18. Bc2 {[%emt 0:02:39]} b5 {[%emt 0:00:16]} 19. Nxe4 {[%emt 0:00:22]} dxe4 {[%emt 0:00:07]} 20. Nd2 {[%emt 0:00:07]} Nd6 {[%emt 0:03:03]} 21. Nxe4 {[%emt 0:01:35]} f5 {[%emt 0:08:30]} 22. Ng5 {[%emt 0:00:24]} h6 {[%emt 0:00:44]} 23. Nxe6 {[%emt 0:00:14]} Qe7 {[%emt 0:00:14]} 24. Nxf8 {[%emt 0:00:11]} Rxf8 {[%emt 0:00:05]} 25. d5 {[%emt 0:00:46]} a5 {[%emt 0:00:48]} 26. e4 {[%emt 0:00:57]} fxe4 {[%emt 0:03:33]} 27. Qe6+ {[%emt 0:00:43]} Rf7 {[%emt 0:01:18]} 28. Bxe4 {[%emt 0:00:43]} Nxe4 {[%emt 0:03:32]} 29. Rxe4 {[%emt 0:00:51]} Qc5+ {[%emt 0:00:21]} 30. Kh1 {[%emt 0:00:20]} Qf2 {[%emt 0:00:24]} 31. Qe8+ {[%emt 0:01:09]} Rf8 {[%emt 0:00:08]} 32. Qxb5 {[%emt 0:00:18]} Bc8 {[%emt 0:01:27]} 33. Qxc4 {[%emt 0:02:11]} Bg4 {[%emt 0:01:16]} 34. Rf1 {[%emt 0:01:35]} Qxb2 {[%emt 0:00:13]} 35. h3 {[%emt 0:00:11]} Bf5 36. Re7 {[%emt 0:00:08]} Qd2 {[%emt 0:01:37]} 37. Qd4 {[%emt 0:00:57]} Qxd4 {[%emt 0:00:22]} 38. cxd4 {[%emt 0:00:01]} Rd8 {[%emt 0:00:01]} 39. Rc1 {[%emt 0:00:39]} Rxd5 {[%emt 0:01:23]} 40. Re5 {[%emt 0:00:00]} 1-0